Coupes du Monde de Football: Egypte - Statistiques

Statistiques générales
  • Ce quiz a été pris 117 fois
    88 depuis la dernière actualisation
  • Le résultat moyen est 5 sur 7
Statistiques - réponses
Réponse % Correct
Russie
97%
Arabie Saoudite
90%
Uruguay
88%
Angleterre
71%
Pays-Bas
56%
Irlande
47%
Hongrie
44%
Aucun quiz correspondant
Distribution des résultats
% des personnes avec chaque résultat
Percentile par nombre de réponses
Votre historique - résultats
Vous n’avez pas pris ce quiz depuis la dernière actualisation